000
00196 a2200097 4500
001
29118
100
_a
Irving T B
245
_a
Falcon of Spain
260
_a
_b
M Ashraf
_c
090
_c
19446
_d
19446
942
_a
NUST-CAE
_c
M
_c
10498
999
_c
264191
_d
264191